000 00713nam a22002297a 4500
003 BUBTL
008 230530b ||||| |||| 00| 0 eng d
020 _a9789849584582
082 _a343.099/ R1293t/ 2022
100 _94127
_aRahman, Md. Raziur
245 _aTextbook on Media and Cyber Law /
_cMd. Raziur Rahman
250 _a1st ed.
260 _aDhaka ; Chattogram :
_bBeacon Publications,
_cc2022.
300 _axxiv, 232 p. :
_c22 cm.
500 _aIncludes bibliographical references
505 _aTextbook on Media and Cyber Law, Md. Raziur Rahman, Law
526 _aLaw
650 0 _926
_aLaw
856 _k0
_l0
_yDownload
942 _2ddc
_cBK
999 _c7048
_d7048